00553nam a22002057a 450000100060000000300080000600500170001400800410003102000160007203500190008804000260010704100080013308200260014110000220016724500430018925000270023226000510025930000250031065000120033547749BD-RjUL20211209054403.0160808s1966 pk |||| b||| 001 0 eng d c: PRs. 4.00 a(BD-RjUL)47868 aBD-RjULbengcBD-RjUL aeng04223a346.03bCHL 1966 1 aChoudhry, A. M. 14aThe Law of Torts /cby A. M. Choudhry  a3rd ed,, Student's ed. aLahore :bAll Pakistan Legal Decisions,c1966  aiv, 157 p. ; c23cm. a Torts